000 00547nam a2200193Ia 4500
008 131103s9999 xx 000 0 und d
020 _a140422129
_c10.95 pds
040 _aLoreto College
041 _aEnglish
082 _a821.7/WOR
_bLCLIB/ENSEM/40296
100 _aWordsworth,William
245 4 _aThe Poems
_cWilliam Wordsworth
260 _aHarmondsworth
_bPenguin Books
_c1977 (1989 printing)
300 _aV.2 (1104 p.)
_c 18 cm.
440 _aPenguin English Poets
700 _aHayden,John O.,ed.
850 _aLCLIB
942 _cBK
999 _c13433
_d63912